| 000 | 01209nam a22002657a 4500 | ||
|---|---|---|---|
| 008 | 081204t xxu||||| |||| 00| 0 eng d | ||
| 010 | _aENG-91985 | ||
| 020 |
_a9788183081283 _c59.00 |
||
| 020 |
_a8183081282 _c59.00 |
||
| 035 | _aEN-75518 | ||
| 037 | _bDBAD / PUB | ||
| 040 |
_adpl _bEnglish |
||
| 082 | _a658.40580954 | ||
| 100 | _aAzra | ||
| 245 |
_aYour little book of coaching for placement in BPOs / _cby Azra |
||
| 260 |
_aChennai _bCBH Publishers & Distributors _c2006 |
||
| 270 |
_a20, Vijayalakshmi Street, Mahalingapuram, Nungambakkam, _bChennai _e600034 |
||
| 300 |
_a109p.: _c21cm (pbk) _bill. |
||
| 650 |
_aOffshore outsourcing _zIndia. |
||
| 650 |
_aData processing service centers _xVocational guidance _zIndia. |
||
| 650 |
_aCall centers _xVocational guidance _zIndia. |
||
| 942 |
_2ddc _cEN _mAZA _h658.40580954 |
||
| 999 |
_c19469 _d19469 |
||